Bairros do Rio de Janeiro em um mapa - Statistics

Estatísticas Gerais
  • Esse quiz foi jogado 9 662 vezes
  • A pontuação média é 77 de 165
Respostas no mapa
Respostas codificadas por cores de uma escala verde-vermelha no mapa do quiz de acordo com a % correta abaixo.
 
Estatísticas das Respostas
Resposta % Correto
Barra da Tijuca
93%
Copacabana
93%
Botafogo
90%
Ipanema
90%
Flamengo
88%
Leblon
87%
Tijuca
87%
Centro
86%
Jacaré
84%
Rocinha
82%
Recreio dos Bandeirantes
80%
Madureira
79%
Bangu
78%
Campo Grande
77%
Jacarepaguá
77%
Leme
76%
Maré
76%
Méier
75%
Urca
74%
Penha
73%
Laranjeiras
71%
Maracanã
71%
Santa Cruz
71%
São Cristóvão
71%
Gávea
68%
Glória
68%
Pavuna
68%
São Conrado
68%
Vidigal
68%
Lagoa
65%
Lapa
65%
Realengo
65%
Catete
64%
Irajá
64%
Engenho de Dentro
63%
Guaratiba
63%
Vila Isabel
63%
Galeão
61%
Jardim Botânico
61%
Santa Teresa
60%
Cidade de Deus
58%
Engenho Novo
58%
Freguesia (Ilha do Governador)
57%
Freguesia (Jacarepaguá)
57%
Taquara
57%
Bonsucesso
56%
Joá
56%
Paquetá
56%
Humaitá
55%
Vargem Grande
55%
Alto da Boa Vista
54%
Grajaú
54%
Olaria
54%
Vargem Pequena
53%
Mangueira
51%
Ramos
51%
Cascadura
50%
Deodoro
50%
Sepetiba
50%
Andaraí
49%
Jacarezinho
49%
Marechal Hermes
49%
Padre Miguel
49%
Pedra de Guaratiba
49%
Curicica
48%
Gamboa
48%
Caju
47%
Cidade Universitária
47%
Complexo do Alemão
47%
Cosme Velho
47%
Inhaúma
46%
Tanque
46%
Vila Kennedy
46%
Cidade Nova
45%
Engenho da Rainha
45%
Estácio
45%
Paciência
45%
Vila Militar
45%
Barra de Guaratiba
44%
Cosmos
44%
Del Castilho
44%
Grumari
44%
Praça Seca
44%
Rio Comprido
44%
Vila da Penha
44%
Anchieta
43%
Santo Cristo
43%
Vila Valqueire
43%
Penha Circular
42%
Piedade
42%
Acari
41%
Benfica
41%
Itanhangá
41%
Oswaldo Cruz
41%
Saúde
41%
Senador Camará
41%
Vasco da Gama
41%
Vigário Geral
41%
Anil
40%
Cachambi
40%
Coelho Neto
40%
Guadalupe
40%
Rocha
40%
Jardim Guanabara
39%
Manguinhos
39%
Parada de Lucas
39%
Santíssimo
38%
Praça da Bandeira
37%
Quintino Bocaiuva
37%
Gardênia Azul
36%
Honório Gurgel
36%
Pechincha
36%
Portuguesa
36%
Bento Ribeiro
35%
Cordovil
35%
Ilha de Guaratiba
35%
Riachuelo
35%
Abolição
34%
Brás de Pina
34%
Catumbi
34%
Colégio
34%
Pilares
34%
Rocha Miranda
34%
Vaz Lobo
34%
Costa Barros
33%
Jardim América
33%
Maria da Graça
33%
Jardim Sulacap
32%
Lins de Vasconcelos
32%
Vicente de Carvalho
32%
Zumbi
32%
Campinho
31%
Cocotá
31%
Inhoaíba
31%
Bancários
29%
Higienópolis
29%
São Francisco Xavier
29%
Vila Kosmos
29%
Senador Vasconcelos
28%
Água Santa
27%
Jardim Carioca
27%
Cacuia
26%
Ricardo de Albuquerque
26%
Tomás Coelho
26%
Barros Filho
25%
Sampaio
25%
Todos os Santos
25%
Vista Alegre
25%
Camorim
24%
Gericinó
24%
Magalhães Bastos
24%
Tauá
24%
Jabour
23%
Ribeira
23%
Encantado
22%
Parque Anchieta
21%
Praia da Bandeira
21%
Moneró
20%
Campo dos Afonsos
19%
Engenheiro Leal
19%
Cavalcanti
18%
Turiaçu
18%
Pitangueiras
17%
Parque Colúmbia
16%
Colônia Juliano Moreira
12%
Nenhum quiz correspondente encontrado
Distribuição das Pontuações
Porcentagem de Pessoas com Cada Pontuação
Percentil de Números Respondidos
Sua Pontuação Histórica
Você não jogou esse quiz